Distributed Database Systems (Record no. 2352)
[ view plain ]
| 000 -LEADER | |
|---|---|
| Fixed length control field | 00398nam a2200157 4500 |
| 003 - CONTROL NUMBER IDENTIFIER | |
| Control field | SEACOMEC |
| 005 - DATE AND TIME OF LATEST TRANSACTION | |
| Control field | 20250806150208.0 |
| 008 - FIXED-LENGTH DATA ELEMENTS--GENERAL INFORMATION | |
| Fixed length control field | 250806b |||||||| |||| 00| 0 eng d |
| 020 ## - INTERNATIONAL STANDARD BOOK NUMBER / ISBN | |
| International Standard Book Number | 978-8131770887 |
| Price | 285 |
| 040 ## - CATALOGING SOURCE | |
| Original cataloging agency | SEACOMEC |
| 082 ## - DEWEY DECIMAL CLASSIFICATION NUMBER | |
| Classification number | 005.758 |
| Book Number | R263D |
| 100 ## - MAIN ENTRY--PERSONAL NAME | |
| Personal name | Chhanda Ray |
| 245 ## - TITLE STATEMENT | |
| Title | Distributed Database Systems |
| Statement of responsibility | Ray, Chhanda |
| 260 ## - IMPRINT | |
| Place of publication | New Delhi |
| Name of publisher | Pearson |
| Date of publication | c2009 |
| 942 ## - ADDED ENTRY ELEMENTS (KOHA) | |
| Koha item type | Books |
| Withdrawn status | Lost status | Source of classification | Damaged status | Not for loan | Home library | Current library | Date acquired | Total Checkouts | Call number | Accession number | Date last seen | Price effective from | Koha item type | Copy number |
|---|---|---|---|---|---|---|---|---|---|---|---|---|---|---|
| Dewey Decimal Classification | SEACOM ENGINEERING COLLEGE | SEACOM ENGINEERING COLLEGE | 06/08/2025 | 005.758 R263D | 18547 | 06/08/2025 | 06/08/2025 | Books | ||||||
| Dewey Decimal Classification | SEACOM ENGINEERING COLLEGE | SEACOM ENGINEERING COLLEGE | 06/08/2025 | 005.758 R263D | 18548 | 06/08/2025 | 06/08/2025 | Books | 1 | |||||
| Dewey Decimal Classification | SEACOM ENGINEERING COLLEGE | SEACOM ENGINEERING COLLEGE | 06/08/2025 | 005.758 R263D | 18549 | 06/08/2025 | 06/08/2025 | Books | 2 | |||||
| Dewey Decimal Classification | SEACOM ENGINEERING COLLEGE | SEACOM ENGINEERING COLLEGE | 06/08/2025 | 005.758 R263D | 18550 | 06/08/2025 | 06/08/2025 | Books | 3 |
